MARC

LEADER 00000nam0a2200000 4500
001 260225
005 20231101233446.0
035 |a (RuTPU)RU\TPU\book\283173 
035 |a RU\TPU\book\278776 
090 |a 260225 
100 |a 20140514d1987 k y0rusy50 ca 
101 0 |a rus 
102 |a RU 
105 |a a z 001zy 
200 1 |a Микрорадиоэлектроника и технология производства устройств радиотехники  |e сборник научных трудов  |f Ленинградский электротехнический институт (ЛЭТИ) ; гл. ред. И. Л. Мироненко 
210 |a Ленинград  |c Изд-во ЛЭТИ  |d 1987 
215 |a 127 с.  |c ил. 
225 1 |a Известия Ленинградского электротехнического института (ЛЭТИ)  |v Вып. 388 
320 |a Библиография в конце статей 
606 1 |a Радиоэлектроника  |2 stltpush  |3 (RuTPU)RU\TPU\subj\69507  |9 84342 
610 1 |a микрорадиоэлектроника 
610 1 |a изделия 
610 1 |a схемы 
610 1 |a автоматизированное проектирование 
610 1 |a конструкции 
610 1 |a технологические процессы 
610 1 |a радиотехнические элементы 
610 1 |a анализ 
610 1 |a синтез 
610 1 |a моделирование 
610 1 |a функциональная микроэлектроника 
675 |a 621.37/.39  |v 3 
702 1 |a Мироненко  |b И. Л.  |4 651 
712 0 2 |a Ленинградский электротехнический институт (ЛЭТИ)  |2 stltpush  |3 (RuTPU)RU\TPU\col\289 
801 1 |a RU  |b 63413507  |c 20120123 
801 2 |a RU  |b 63413507  |c 20150423  |g RCR 
942 |c BK